| 000 | 00384nam a2200181Ia 4500 | ||
|---|---|---|---|
| 100 | _aStallings/William | ||
| 650 | _aNetworks | ||
| 250 | _a2 | ||
| 942 | _cBK | ||
| 366 | _f20 | ||
| 654 | _aHigh speed networks | ||
| 245 | _aHigh speed networks and internets | ||
| 260 |
_bPearson Education _c2002 |
||
| 082 |
_a4.6 _bSTA |
||
| 300 | _a715 | ||
| 546 | _aENGLISH | ||
| 999 |
_c26275 _d26275 |
||